| 000 | 00723nam a22002177a 4500 | ||
|---|---|---|---|
| 999 |
_c5051 _d5051 |
||
| 003 | AR-CdUCM | ||
| 008 | 190311b ||||| |||| 00| 0 spa d | ||
| 040 |
_aMUNICIPALIDAD PROVINCIAL DEL CUSCO _cBIBLIOTECA MUNICIPAL DEL CUSCO |
||
| 082 |
_a869.56 / _bD48F |
||
| 100 |
_aDelgado, Washington _91113 |
||
| 245 | _aFormas de la ausencia / | ||
| 260 |
_aLima : _b"Letras Peruana", _c1955. |
||
| 300 |
_a60 páginas ; _c17 cm. |
||
| 500 | _aDonación de la Familia Nieto. Premio Nacional de poesía, 1952. | ||
| 650 |
_aPoesía peruana - Siglo XX _914083 |
||
| 650 |
_aPoetas cusqueños _95956 |
||
| 650 |
_aPoesía - Cusco _95957 |
||
| 650 |
_aWashington Delgado - Poemas _915426 |
||
| 942 |
_2ddc _cLIBROS |
||
| 945 | _alccs | ||